[Event "GER-chT U20"]
[Site "Magdeburg"]
[Date "2023.12.29"]
[Round "5.5"]
[White "Barz, Henrik"]
[Black "Nizamova, Rita"]
[Result "1/2-1/2"]
[WhiteElo "1539"]
[BlackElo "1794"]
[PlyCount "51"]
[EventDate "2023.12.26"]
[EventType "team-swiss"]
[EventRounds "7"]
[EventCountry "GER"]
[SourceTitle "CB03_2024"]
[SourceDate "2024.01.17"]
[SourceVersion "1"]
[SourceVersionDate "2024.01.17"]
[SourceQuality "1"]
[WhiteTeam "Gera"]
[BlackTeam "Guettingen Rochade"]
[WhiteTeamCountry "GER"]
[BlackTeamCountry "GER"]

1. e4 c6 2. d4 d5 3. e5 Bf5 4. Nf3 e6 5. Be2 c5 6. 0-0 Nc6 7. c3 Bg6 8. Be3 Qb6 9. Nbd2 Nge7 10. dxc5 Qxb2 11. Qc1 Qxc1 12. Raxc1 Nf5 13. Bd4 h5 14. h4 Be7 15. g3 0-0 16. Nb3 Rfc8 17. Rfd1 Nb8 18. Bb5 a6 19. Ba4 a5 20. c4 Nxd4 21. Nfxd4 dxc4 22. Rxc4 Rd8 23. Rdc1 Bd3 24. R4c3 Be4 25. f4 Bd5 26. c6 1/2-1/2

[Event "GER-chT U20"]
[Site "Magdeburg"]
[Date "2023.12.28"]
[Round "4.4"]
[White "Kieselbach, Jannik"]
[Black "Nizamova, Rita"]
[Result "1-0"]
[WhiteElo "1914"]
[BlackElo "1794"]
[PlyCount "73"]
[EventDate "2023.12.26"]
[EventType "team-swiss"]
[EventRounds "7"]
[EventCountry "GER"]
[SourceTitle "CB03_2024"]
[SourceDate "2024.01.17"]
[SourceVersion "1"]
[SourceVersionDate "2024.01.17"]
[SourceQuality "1"]
[WhiteTeam "Lehrte"]
[BlackTeam "Guettingen Rochade"]
[WhiteTeamCountry "GER"]
[BlackTeamCountry "GER"]

1. e4 c6 2. Nc3 d5 3. Nf3 Bg4 4. exd5 cxd5 5. d4 e6 6. Be2 Nc6 7. 0-0 Nge7 8. h3 Bxf3 9. Bxf3 Nf5 10. Ne2 Bd6 11. c3 Qc7 12. Qd3 0-0 13. Bxd5 Nfxd4 14. Nxd4 exd5 15. Nb5 Qd7 16. Rd1 Rfe8 17. Be3 Rad8 18. Nxa7 Bb8 19. Nxc6 Qxc6 20. Re1 Re6 21. Bd4 Rde8 22. Qd2 Qc7 23. g3 Qe7 24. Kf1 Qd7 25. Kg2 h6 26. Re3 f5 27. Rae1 f4 28. Rxe6 Rxe6 29. g4 h5 30. Rxe6 Qxe6 31. f3 Qe7 32. Bf2 Qe6 33. c4 hxg4 34. hxg4 Qa6 35. Qxd5+ Kh7 36. Qf5+ g6 37. Qf7+ 1-0

[Event "GER-chT Lands U20"]
[Site "Hannover"]
[Date "2023.10.05"]
[Round "7"]
[White "Braeutigam, Katerina"]
[Black "Nizamova, Rita"]
[Result "1-0"]
[WhiteElo "1880"]
[BlackElo "1755"]
[PlyCount "119"]
[EventDate "2023.10.01"]
[EventType "team-swiss"]
[EventRounds "7"]
[EventCountry "GER"]
[SourceTitle "EXT 2024"]
[Source "ChessBase"]
[SourceDate "2023.10.10"]
[SourceVersion "1"]
[SourceVersionDate "2023.10.10"]
[SourceQuality "1"]

1. e4 c6 2. d4 d5 3. exd5 cxd5 4. Bd3 Nc6 5. c3 Nf6 6. h3 g6 7. Nf3 Bf5 8. 0-0 Bxd3 9. Qxd3 Bg7 10. Bf4 0-0 11. Nbd2 Nd7 12. Qb5 Nb6 13. Ne5 Nxe5 14. dxe5 Qd7 15. Qd3 Rac8 16. Rfd1 Rfd8 17. Bg3 Qc6 18. Nf3 Nc4 19. Qe2 Qb6 20. Rab1 Qa5 21. b3 Na3 22. Rbc1 Bh6 23. b4 Qb6 24. Ra1 Nb5 25. Qb2 Nxc3 26. Rd4 Ne4 27. Bh2 Qc6 28. Rad1 Qc3 29. Qb1 Be3 30. R4d3 Bxf2+ 31. Kf1 Qc4 32. Nd2 Nxd2+ 33. R1xd2 Be3 34. Rd1 d4 35. Bg3 Qb5 36. Ke1 Qc6 37. Qb2 Qe4 38. Qe2 Qf5 39. a3 a6 40. a4 h5 41. Qf3 Qxf3 42. gxf3 e6 43. f4 Rd5 44. Ke2 Rc2+ 45. Kf3 Rb2 46. Be1 a5 47. bxa5 Rc5 48. Bh4 Rcc2 49. Rxe3 dxe3 50. Rd8+ Kh7 51. Bf6 g5 52. Rh8+ Kg6 53. Rg8+ Kh7 54. Rh8+ Kg6 55. Rg8+ Kh7 56. Rg7+ Kh8 57. fxg5 e2 58. Rg6+ Kh7 59. Rh6+ Kg8 60. Rh8# 1-0

[Event "GER-chT Lands U20"]
[Site "Hannover"]
[Date "2023.10.02"]
[Round "3"]
[White "Nizamova, Rita"]
[Black "Wunderlich, Elias"]
[Result "0-1"]
[WhiteElo "1755"]
[BlackElo "1941"]
[PlyCount "88"]
[EventDate "2023.10.01"]
[EventType "team-swiss"]
[EventRounds "7"]
[EventCountry "GER"]
[SourceTitle "EXT 2024"]
[Source "ChessBase"]
[SourceDate "2023.10.10"]
[SourceVersion "1"]
[SourceVersionDate "2023.10.10"]
[SourceQuality "1"]

1. d4 d5 2. c4 e6 3. Nf3 Nf6 4. g3 Bb4+ 5. Bd2 Be7 6. Bg2 b6 7. Nc3 0-0 8. 0-0 Bb7 9. b3 Nbd7 10. Qc2 Rc8 11. Rfd1 c5 12. dxc5 Rxc5 13. Be3 Rc8 14. Bd4 Qc7 15. Qb2 dxc4 16. bxc4 Qb8 17. e4 e5 18. Be3 Rxc4 19. Bg5 Rfc8 20. Rac1 Bf8 21. Nd2 R4c7 22. Bh3 Re8 23. Nb5 Rxc1 24. Rxc1 Nc5 25. Bf1 Nfxe4 26. Nxe4 Bxe4 27. Qd2 f6 28. Be3 Rd8 29. Bc4+ Kh8 30. Qe2 Qb7 31. Qf1 Qd7 32. f3 Bc6 33. Nc3 Qf5 34. Be2 g6 35. a4 Nb3 36. g4 Qd7 37. Rd1 Nd4 38. Bxd4 exd4 39. Ne4 Bc5 40. Kh1 f5 41. Nf6 Qe7 42. g5 Qe3 43. Qg2 d3 44. Qh3 Rd7 0-1

[Event "GER-ch (Women)"]
[Site "Ostfildern"]
[Date "2023.08.16"]
[Round "4"]
[White "Groeschel, Karoline"]
[Black "Nizamova, Rita"]
[Result "1-0"]
[WhiteElo "1934"]
[BlackElo "1755"]
[PlyCount "51"]
[EventDate "2023.08.14"]
[EventType "swiss"]
[EventRounds "9"]
[EventCountry "GER"]
[SourceTitle "CBM 215 Extra"]
[Source "ChessBase"]
[SourceDate "2023.09.30"]
[SourceVersion "1"]
[SourceVersionDate "2023.09.30"]
[SourceQuality "1"]

1. e4 c6 2. d4 d5 3. e5 Bf5 4. h4 h5 5. Bd3 Bxd3 6. Qxd3 Qa5+ 7. Nd2 e6 8. Ngf3 Qa6 9. c4 Bb4 10. b3 Nh6 11. 0-0 Nf5 12. Rd1 0-0 13. Nf1 Be7 14. Bg5 Bxg5 15. Nxg5 g6 16. g4 hxg4 17. Ne3 Kg7 18. Nxg4 Rh8 19. Nf6 Nxh4 20. Nf3 Nxf3+ 21. Qxf3 Qa5 22. Kg2 Qc7 23. Rh1 Rxh1 24. Rxh1 Kf8 25. Rh8+ Ke7 26. Re8# 1-0

[Event "Bad Pyrmont Pape op-A 2nd"]
[Site "Bad Pyrmont"]
[Date "2023.08.12"]
[Round "5"]
[White "Nizamova, Rita"]
[Black "Moeller, Jonas"]
[Result "1/2-1/2"]
[WhiteElo "1828"]
[BlackElo "1848"]
[PlyCount "61"]
[EventDate "2023.08.10"]
[EventType "swiss"]
[EventRounds "7"]
[EventCountry "GER"]
[SourceTitle "EXT 2024"]
[Source "ChessBase"]
[SourceDate "2023.10.10"]
[SourceVersion "1"]
[SourceVersionDate "2023.10.10"]
[SourceQuality "1"]

1. e4 e5 2. Nc3 Nf6 3. g3 d5 4. exd5 Nxd5 5. Bg2 Nxc3 6. bxc3 Nc6 7. Nf3 Bc5 8. 0-0 0-0 9. Re1 Bb6 10. d3 Bg4 11. h3 Be6 12. Be3 f6 13. a4 Qd7 14. Kh2 Ba5 15. Bd2 Rad8 16. d4 Bd5 17. Rb1 b6 18. Qe2 exd4 19. Nxd4 Nxd4 20. Bxd5+ Qxd5 21. cxd4 Bxd2 22. Qxd2 Qxd4 23. Qxd4 Rxd4 24. Re7 Rc4 25. Rd1 Kh8 26. Rdd7 Rg8 27. Rxc7 Rxa4 28. Rxa7 Rxa7 29. Rxa7 Rc8 30. Rb7 Kg8 31. Rxb6 1/2-1/2

[Event "Bad Pyrmont Pape op-A 2nd"]
[Site "Bad Pyrmont"]
[Date "2023.08.11"]
[Round "2"]
[White "Steinbach, Wolfgang"]
[Black "Nizamova, Rita"]
[Result "1/2-1/2"]
[WhiteElo "1868"]
[BlackElo "1828"]
[PlyCount "63"]
[EventDate "2023.08.10"]
[EventType "swiss"]
[EventRounds "7"]
[EventCountry "GER"]
[SourceTitle "EXT 2024"]
[Source "ChessBase"]
[SourceDate "2023.10.10"]
[SourceVersion "1"]
[SourceVersionDate "2023.10.10"]
[SourceQuality "1"]

1. Nf3 Nf6 2. d4 e6 3. e3 c5 4. dxc5 Bxc5 5. a3 0-0 6. b4 Be7 7. Bb2 d5 8. c4 b6 9. Nbd2 Bb7 10. Be2 Nbd7 11. 0-0 Bd6 12. cxd5 Nxd5 13. Nc4 Bc7 14. Qb3 Qe7 15. Nce5 Nxe5 16. Nxe5 Qg5 17. Nf3 Qh6 18. Be5 Bxe5 19. Nxe5 Qg5 20. Nf3 Qf6 21. Rac1 Rac8 22. Nd4 Nf4 23. exf4 Qxd4 24. Bf3 Bxf3 25. Qxf3 Rxc1 26. Rxc1 h6 27. g3 Rd8 28. Rc3 Qd2 29. Kg2 a5 30. bxa5 bxa5 31. Re3 g6 32. Rc3 1/2-1/2

[Event "Verden op-A"]
[Site "Verden"]
[Date "2023.01.07"]
[Round "6"]
[White "Kieselbach, Jannik"]
[Black "Nizamova, Rita"]
[Result "1/2-1/2"]
[WhiteElo "1858"]
[BlackElo "1771"]
[PlyCount "85"]
[EventDate "2023.01.05"]
[EventType "swiss"]
[EventRounds "7"]
[EventCountry "GER"]
[SourceTitle "CBM 212 Extra"]
[Source "ChessBase"]
[SourceDate "2023.03.31"]
[SourceVersion "1"]
[SourceVersionDate "2023.03.31"]
[SourceQuality "1"]

1. e4 c5 2. Nf3 Nc6 3. d4 cxd4 4. Nxd4 Nf6 5. Nc3 g6 6. Be3 Bg7 7. Be2 0-0 8. Qd2 d5 9. exd5 Nb4 10. Rd1 Nbxd5 11. Nf3 Be6 12. Nxd5 Bxd5 13. c4 Be4 14. Qxd8 Rfxd8 15. 0-0 Ng4 16. Rxd8+ Rxd8 17. Bxa7 Bxb2 18. Rd1 Rxd1+ 19. Bxd1 Bd3 20. Ne1 Bf5 21. Bf3 Bc3 22. Bxg4 Bxg4 23. Nc2 Kf8 24. Ne3 Be6 25. Kf1 Ke8 26. Ke2 Kd7 27. Kd3 Be1 28. f3 Kc6 29. Nc2 Bf5+ 30. Ke2 Bxc2 31. Kxe1 b6 32. Kd2 Bb1 33. c5 bxc5 34. a4 Ba2 35. Kc3 Bd5 36. a5 e5 37. Bb8 e4 38. fxe4 Bxe4 39. g3 h5 40. Bf4 Kb5 41. Bc7 g5 42. Bd8 g4 43. Bg5 1/2-1/2

[Event "GER-chT Lands U20"]
[Site "Wiesbaden"]
[Date "2022.10.03"]
[Round "6.3"]
[White "Nizamova, Rita"]
[Black "Vranckx, Oscar"]
[Result "0-1"]
[WhiteElo "1813"]
[BlackElo "1583"]
[PlyCount "125"]
[EventDate "2022.09.30"]
[EventType "team-swiss"]
[EventRounds "7"]
[EventCountry "GER"]
[SourceTitle "CBM 210 Extra"]
[Source "ChessBase"]
[SourceDate "2022.11.30"]
[SourceVersion "1"]
[SourceVersionDate "2022.11.30"]
[SourceQuality "1"]
[WhiteTeam "Niedersachsen U20"]
[BlackTeam "Rheinland Pfalz U20"]
[WhiteTeamCountry "GER"]
[BlackTeamCountry "GER"]

1. e4 c5 2. d4 cxd4 3. c3 e5 4. Nf3 Nc6 5. Bc4 Nf6 6. 0-0 Bc5 7. cxd4 Bxd4 8. Nxd4 Nxd4 9. Be3 Ne6 10. Bxe6 dxe6 11. Qc2 Bd7 12. Nc3 0-0 13. Bc5 Re8 14. Rfd1 Rc8 15. Bd6 Qa5 16. Qe2 b5 17. a3 Bc6 18. b4 Qb6 19. Bc5 Qb7 20. f3 Nh5 21. Qe3 Nf4 22. Bxa7 f5 23. Bc5 Qf7 24. Qe1 Red8 25. exf5 Qxf5 26. Ne4 Qg6 27. Ng3 Qc2 28. Bf2 Bxf3 29. Rxd8+ Rxd8 30. gxf3 Nh3+ 31. Kf1 Rd2 32. Ne4 Qd3+ 33. Kg2 Nf4+ 34. Kg3 Rc2 35. Rd1 Ne2+ 36. Kg4 h5+ 37. Kxh5 Qxf3+ 38. Kg5 Qf5+ 39. Kh4 g5+ 40. Nxg5 Rc4+ 41. Bd4 Nxd4 42. Kh5 Nf3 43. Rd8+ Kg7 44. Rd7+ Kf8 45. Qg3 Ke8 46. Rf7 Qxg5+ 47. Qxg5 Nxg5 48. Rb7 Nf3 49. Kg6 Nd4 50. h4 Nf5 51. h5 e4 52. Rxb5 e3 53. Re5 Ke7 54. h6 Rg4+ 55. Kh5 Rh4+ 56. Kg5 Rxh6 57. b5 Rh2 58. a4 Rg2+ 59. Kf4 Kd6 60. b6 Rb2 61. Re4 Rxb6 62. Kf3 Kd5 63. a5 0-1

[Event "GER-chT Federal Cup (Women)"]
[Site "Braunfels"]
[Date "2022.06.16"]
[Round "1.18"]
[White "Birkholz, Olga"]
[Black "Nizamova, Rita"]
[Result "1-0"]
[WhiteElo "1993"]
[BlackElo "1814"]
[PlyCount "39"]
[EventDate "2022.06.15"]
[EventType "team-swiss"]
[EventRounds "5"]
[EventCountry "GER"]
[SourceTitle "EXT 2023"]
[Source "ChessBase"]
[SourceDate "2022.10.05"]
[SourceVersion "1"]
[SourceVersionDate "2022.10.05"]
[SourceQuality "1"]

1. d4 Nf6 2. Nf3 g6 3. Nc3 d5 4. Bf4 Nh5 5. Bg5 h6 6. Bd2 Bg7 7. h3 0-0 8. g4 Nf6 9. Qc1 h5 10. Bh6 Nc6 11. gxh5 Nxh5 12. Rg1 Qd6 13. Bxg7 Kxg7 14. Qg5 Kh7 15. Qxd5 Qb4 16. 0-0-0 Nf6 17. Qg5 Bf5 18. e4 Bd7 19. e5 Nh5 20. Bd3 1-0

[Event "GER-chT Federal Cup (Women)"]
[Site "Braunfels"]
[Date "2021.10.23"]
[Round "4.28"]
[White "Nizamova, Rita"]
[Black "Bazzazi, Elnaz"]
[Result "0-1"]
[WhiteElo "1715"]
[BlackElo "1733"]
[PlyCount "50"]
[EventDate "2021.10.19"]
[EventType "team-tourn"]
[EventRounds "5"]
[EventCountry "GER"]
[SourceTitle "CBM 204 Extra"]
[Source "ChessBase"]
[SourceDate "2021.11.30"]
[SourceVersion "1"]
[SourceVersionDate "2021.11.30"]
[SourceQuality "1"]

1. d4 d5 2. c4 e6 3. Nc3 Nf6 4. e3 c5 5. Nf3 Nc6 6. cxd5 exd5 7. dxc5 Bxc5 8. Bb5 0-0 9. 0-0 a6 10. Be2 b5 11. Nd4 Ne5 12. b3 Bb7 13. Bb2 Re8 14. Rc1 Rc8 15. Nf3 Bd6 16. Nxe5 Bxe5 17. Qd2 Qd6 18. h3 d4 19. exd4 Bf4 20. Qd3 Bxc1 21. Rxc1 b4 22. Na4 Rxc1+ 23. Bxc1 Qc6 24. Bf3 Qxc1+ 25. Kh2 Qf4+ 0-1

[Event "GER-chT Lands U20"]
[Site "Neumuenster"]
[Date "2021.10.04"]
[Round "5.4"]
[White "Reinecke, Katharina"]
[Black "Nizamova, Rita"]
[Result "0-1"]
[WhiteElo "1945"]
[BlackElo "1715"]
[PlyCount "106"]
[EventDate "2021.10.01"]
[EventType "team-swiss"]
[EventRounds "7"]
[EventCountry "GER"]
[SourceTitle "CBM 204 Extra"]
[Source "ChessBase"]
[SourceDate "2021.11.30"]
[SourceVersion "1"]
[SourceVersionDate "2021.11.30"]
[SourceQuality "1"]
[WhiteTeam "Hessen"]
[BlackTeam "Niedersachsen"]
[WhiteTeamCountry "GER"]
[BlackTeamCountry "GER"]

1. b3 d5 2. Bb2 c5 3. e3 Nc6 4. Bb5 Nf6 5. f4 e6 6. Nf3 Bd7 7. 0-0 Be7 8. d3 Qb6 9. c4 0-0 10. Ne5 Rfd8 11. Qf3 Nb4 12. Nc3 Bxb5 13. Nxb5 Nxd3 14. Nxd3 dxc4 15. Ne5 Qxb5 16. Nxc4 Rd7 17. g4 Rad8 18. g5 Ne8 19. f5 exf5 20. Qxf5 Nd6 21. Qf4 Bf8 22. Ne5 Re7 23. Rad1 Qe2 24. Ba1 Qh5 25. h4 b6 26. Rd5 Nb7 27. Rxd8 Nxd8 28. Qc4 h6 29. g6 Rxe5 30. gxf7+ Kh8 31. Bxe5 Qxe5 32. Qf4 Qe7 33. e4 g6 34. Qf6+ Qxf6 35. Rxf6 Kg7 36. Rf2 Nxf7 37. Kg2 Ne5 38. Rd2 Be7 39. Rd5 Kf6 40. Kg3 Ke6 41. Rd1 Nc6 42. Rd5 Nb4 43. Rd2 Bf6 44. a3 Nc6 45. Kh3 Nd4 46. b4 c4 47. a4 a6 48. Kg4 c3 49. Rd3 c2 50. Rc3 Ke5 51. b5 axb5 52. axb5 h5+ 53. Kh3 g5 0-1

[Event "GER-ch U18 Girls"]
[Site "Willingen"]
[Date "2021.08.29"]
[Round "9"]
[White "Biermann, Sophie"]
[Black "Nizamova, Rita"]
[Result "0-1"]
[WhiteElo "1652"]
[BlackElo "1754"]
[PlyCount "132"]
[EventDate "2021.08.22"]
[EventType "swiss"]
[EventRounds "9"]
[EventCountry "GER"]
[SourceTitle "EXT 2022"]
[Source "ChessBase"]
[SourceDate "2021.10.06"]
[SourceVersion "1"]
[SourceVersionDate "2021.10.06"]
[SourceQuality "1"]

1. d4 e5 2. dxe5 d6 3. Bf4 Nc6 4. exd6 Qf6 5. Qc1 Bxd6 6. Bxd6 Qxd6 7. c3 Bf5 8. Nf3 0-0-0 9. e3 Nf6 10. Be2 h5 11. Nbd2 h4 12. Qd1 Kb8 13. Qa4 g5 14. 0-0-0 g4 15. Ng5 Qe7 16. Qf4 Bg6 17. e4 Ne5 18. Qe3 Nh5 19. f4 gxf3 20. Ngxf3 Ng4 21. Qg1 Bxe4 22. Nd4 f5 23. h3 Ngf6 24. Bxh5 Nxh5 25. Qe3 Ng3 26. Rhe1 Qf7 27. N2f3 Qxa2 28. Nc2 Qa4 29. Qf2 Bxc2 30. Qxc2 Qa1+ 31. Qb1 Qxb1+ 32. Kxb1 Rxd1+ 33. Rxd1 Kc8 34. Rd4 Re8 35. Nxh4 Re1+ 36. Ka2 Re2 37. Rf4 Ne4 38. Rf3 Kd7 39. Ka3 Nd2 40. Nxf5 Nxf3 41. gxf3 Rh2 42. h4 Ke6 43. Ng7+ Kf7 44. Nf5 Kf6 45. Nd4 c6 46. b4 Rxh4 47. Ka4 Ke5 48. Nb3 Rc4 49. Nc5 b6 50. Nd3+ Ke6 51. Kb3 Rh4 52. c4 Rh1 53. f4 Rh3 54. Kc2 Kf5 55. Kd2 Rxd3+ 56. Kxd3 Kxf4 57. c5 bxc5 58. bxc5 Ke5 59. Kc4 a5 60. Kb3 Kd4 61. Ka4 Kxc5 62. Kxa5 Kc4 63. Ka4 c5 64. Ka3 Kc3 65. Ka2 c4 66. Kb1 Kd2 0-1

[Event "GER-ch U18 Girls"]
[Site "Willingen"]
[Date "2020.10.23"]
[Round "6"]
[White "Nizamova, Rita"]
[Black "Kobald, Jacqueline"]
[Result "0-1"]
[WhiteElo "1684"]
[BlackElo "1955"]
[PlyCount "92"]
[EventDate "2020.10.19"]
[EventType "swiss"]
[EventRounds "7"]
[EventCountry "GER"]
[SourceTitle "EXT 2022"]
[Source "ChessBase"]
[SourceDate "2021.10.06"]
[SourceVersion "1"]
[SourceVersionDate "2021.10.06"]
[SourceQuality "1"]

1. d4 Nf6 2. Nf3 g6 3. Bf4 d5 4. e3 Bg7 5. Bd3 0-0 6. Nbd2 c5 7. c3 cxd4 8. exd4 b6 9. 0-0 Ba6 10. Bxa6 Nxa6 11. Qe2 Nc7 12. a4 Ne6 13. Bg3 a6 14. Nb3 Qc8 15. a5 b5 16. Ne5 Ne4 17. Nd3 Re8 18. f3 Nxg3 19. hxg3 Qc4 20. Qd1 Qc7 21. Kh2 Bf6 22. Nbc5 Nxc5 23. Nxc5 e5 24. Qd3 Be7 25. b4 Bd6 26. Rae1 exd4 27. Rxe8+ Rxe8 28. Qxd4 Bxg3+ 29. Kh3 Be1 30. f4 Qe7 31. g3 Qe2 32. Rxe1 Qxe1 33. Qxd5 Qf1+ 34. Kh4 Qe2 35. Kh3 h5 36. Nd7 Qe6+ 37. Qxe6 Rxe6 38. Nc5 Rd6 39. g4 hxg4+ 40. Kxg4 Kg7 41. Kg5 f6+ 42. Kg4 Kf8 43. Kh4 Rc6 44. Ne4 Ke7 45. Kg3 Ke6 46. Kf3 Kd5 0-1

[Event "GER-ch U18 Girls"]
[Site "Willingen"]
[Date "2020.10.21"]
[Round "2"]
[White "Nizamova, Rita"]
[Black "Sokolowski, Judith"]
[Result "1-0"]
[WhiteElo "1684"]
[BlackElo "1794"]
[PlyCount "59"]
[EventDate "2020.10.19"]
[EventType "swiss"]
[EventRounds "7"]
[EventCountry "GER"]
[SourceTitle "EXT 2022"]
[Source "ChessBase"]
[SourceDate "2021.10.06"]
[SourceVersion "1"]
[SourceVersionDate "2021.10.06"]
[SourceQuality "1"]

1. d4 d5 2. c4 e6 3. Nf3 Nf6 4. Bg5 Nbd7 5. e3 c6 6. Bd3 Qa5+ 7. Nbd2 Ne4 8. 0-0 Nxg5 9. Nxg5 dxc4 10. Nxf7 Kxf7 11. Nxc4 Qd8 12. Qh5+ Kg8 13. f4 Nf6 14. Qe2 Be7 15. g4 g6 16. Ne5 Kg7 17. h4 Nd7 18. h5 Nxe5 19. dxe5 Rg8 20. Rad1 Qb6 21. Rf3 gxh5 22. g5 Bc5 23. a3 a5 24. Rh3 Rh8 25. Qxh5 Qc7 26. Qxh7+ Rxh7 27. Rxh7+ Kg8 28. Rxc7 Bxe3+ 29. Kg2 Kf8 30. Bg6 1-0

[Event "GER-ch U18 Girls"]
[Site "Willingen"]
[Date "2020.10.21"]
[Round "3"]
[White "Schiewe, Nadine"]
[Black "Nizamova, Rita"]
[Result "0-1"]
[WhiteElo "1660"]
[BlackElo "1684"]
[PlyCount "58"]
[EventDate "2020.10.19"]
[EventType "swiss"]
[EventRounds "7"]
[EventCountry "GER"]
[SourceTitle "EXT 2022"]
[Source "ChessBase"]
[SourceDate "2021.10.06"]
[SourceVersion "1"]
[SourceVersionDate "2021.10.06"]
[SourceQuality "1"]

1. d4 Nf6 2. Nf3 g6 3. e3 Bg7 4. Bd3 d6 5. 0-0 0-0 6. Nbd2 Nc6 7. c4 e5 8. d5 Ne7 9. b3 Nd7 10. e4 Nc5 11. Bc2 f5 12. exf5 e4 13. fxg6 Nxg6 14. Nxe4 Nxe4 15. Bxe4 Bxa1 16. Ng5 Qe7 17. Qh5 Bf5 18. Bxf5 Rxf5 19. g4 Rff8 20. Bd2 Be5 21. Re1 Nf4 22. Qh4 Qg7 23. h3 Nd3 24. Re2 Bf6 25. Qh5 Bxg5 26. Bxg5 Qa1+ 27. Kg2 Ne1+ 28. Kg3 Qc3+ 29. Kh2 Qf3 0-1

[Event "Niedersachsen-ch op-A"]
[Site "Verden an der Aller"]
[Date "2020.01.03"]
[Round "3"]
[White "Nizamova, Rita"]
[Black "Hoellmann, Ludger"]
[Result "0-1"]
[WhiteElo "1612"]
[BlackElo "2055"]
[PlyCount "112"]
[EventDate "2020.01.02"]
[EventType "swiss"]
[EventRounds "7"]
[EventCountry "GER"]
[SourceTitle "EXT 2023"]
[Source "ChessBase"]
[SourceDate "2022.10.05"]
[SourceVersion "1"]
[SourceVersionDate "2022.10.05"]
[SourceQuality "1"]

1. e4 c6 2. d4 d5 3. f3 e6 4. Nc3 Bb4 5. Bf4 Nf6 6. e5 Nfd7 7. a3 Be7 8. Bd3 c5 9. Nb5 Nc6 10. c3 cxd4 11. cxd4 a6 12. Nd6+ Bxd6 13. exd6 Nxd4 14. Bxh7 Qf6 15. Be3 Nb5 16. Bd3 Nxd6 17. Qd2 Ne5 18. Bd4 Qh4+ 19. Bf2 Nxd3+ 20. Qxd3 Qg5 21. Bg3 Nf5 22. Nh3 Qf6 23. 0-0-0 Bd7 24. Qb3 Bb5 25. a4 Bc6 26. Bf2 Rc8 27. Kb1 e5 28. Rhe1 0-0 29. g4 Nd6 30. Bc5 Rfd8 31. Bb6 Re8 32. Nf2 Nc4 33. a5 Qf4 34. Qd3 Nxb6 35. axb6 e4 36. Nh3 Qxh2 37. fxe4 dxe4 38. Qe3 Red8 39. Ng5 Rxd1+ 40. Rxd1 Ba4 41. Rc1 Rc2 42. Rxc2 Qxc2+ 43. Ka2 Bc6 44. Qe1 Bd5+ 45. Ka1 Qb3 46. Kb1 e3 47. Qc1 Qa2+ 48. Kc2 Qc4+ 49. Kb1 Be4+ 50. Nxe4 Qxe4+ 51. Qc2 Qe6 52. Qe2 Qxb6 53. Qc4 Qe6 54. Qf4 g6 55. Qg3 e2 56. Qe1 Qxg4 0-1

[Event "JBLN West 1819"]
[Site "Germany"]
[Date "2018.11.04"]
[Round "2.6"]
[White "Nizamova, Rita"]
[Black "Steinbach, Julian"]
[Result "1/2-1/2"]
[WhiteElo "1692"]
[BlackElo "1718"]
[PlyCount "95"]
[EventDate "2018.09.23"]
[EventType "team-tourn"]
[EventRounds "9"]
[EventCountry "GER"]
[SourceTitle "EXT 2020"]
[Source "ChessBase"]
[SourceDate "2019.10.17"]
[SourceVersion "1"]
[SourceVersionDate "2019.10.17"]
[SourceQuality "1"]
[WhiteTeam "Goettingen Rochade U20"]
[BlackTeam "Kiel Doppelbauer U20"]
[WhiteTeamCountry "GER"]
[BlackTeamCountry "GER"]

1. e4 d6 2. d4 Nf6 3. Nc3 e5 4. dxe5 dxe5 5. Qxd8+ Kxd8 6. Bg5 Be6 7. 0-0-0+ Nbd7 8. Kb1 Bd6 9. Nf3 Ke7 10. Nb5 a6 11. Nxd6 cxd6 12. Nd2 h6 13. Bh4 Rac8 14. f3 Rc7 15. Nb3 Rhc8 16. c3 Nc5 17. Nxc5 Rxc5 18. Bd3 d5 19. exd5 Rxd5 20. Bc2 Rcd8 21. Rhe1 Rxd1+ 22. Rxd1 Rxd1+ 23. Bxd1 g5 24. Bg3 Kd6 25. Bb3 Nd5 26. Bf2 Bf5+ 27. Bc2 Ke6 28. g3 g4 29. fxg4 Bxg4 30. Kc1 f5 31. Bd1 Bh3 32. Kd2 Nf6 33. Be3 h5 34. Bb3+ Kd6 35. Bc2 e4 36. Bf4+ Ke7 37. Bg5 Kf7 38. Bb3+ Kg6 39. Bxf6 Kxf6 40. Ke3 Ke5 41. Bf7 Bg4 42. b3 h4 43. c4 hxg3 44. hxg3 b6 45. b4 Bd1 46. c5 bxc5 47. bxc5 Ba4 48. a3 1/2-1/2

[Event "Erfurt op (Women)"]
[Site "Erfurt"]
[Date "2017.08.01"]
[Round "4"]
[White "Nizamova, Rita"]
[Black "Chidi, Lovinia Sylvia"]
[Result "1/2-1/2"]
[WhiteElo "1328"]
[BlackElo "1716"]
[PlyCount "97"]
[EventDate "2017.07.31"]
[EventType "swiss"]
[EventRounds "9"]
[EventCountry "GER"]
[SourceTitle "CBM 179 Extra"]
[Source "ChessBase"]
[SourceDate "2017.08.23"]
[SourceVersion "1"]
[SourceVersionDate "2017.08.23"]
[SourceQuality "1"]

1. e4 d6 2. d4 Nf6 3. Bd3 g6 4. f4 c6 5. c4 Bg7 6. Nf3 Na6 7. 0-0 0-0 8. Be3 Ng4 9. Bd2 e6 10. Nc3 f5 11. h3 Nf6 12. e5 Ne8 13. Qe2 Nac7 14. Be1 d5 15. Bh4 Qd7 16. Rad1 dxc4 17. Bxc4 Nd5 18. Nxd5 cxd5 19. Bb5 Qc7 20. Rc1 Qb6 21. Be7 Nc7 22. Bxf8 Bxf8 23. Ba4 a6 24. a3 Nb5 25. Bxb5 axb5 26. Qd3 Bd7 27. Rc3 h6 28. Rfc1 Bc6 29. Nh4 g5 30. Ng6 Kh7 31. Nxf8+ Rxf8 32. fxg5 hxg5 33. g4 Kg7 34. Rc5 f4 35. Kf2 Rh8 36. R1c3 Qa6 37. Qc2 Qa7 38. Kg2 Rf8 39. Qb3 Qa5 40. Qb4 Qa6 41. Rxc6 bxc6 42. Qe7+ Rf7 43. Qxg5+ Kf8 44. h4 b4 45. Rc2 Qd3 46. Rf2 Qg3+ 47. Kf1 Qd3+ 48. Kg2 Qg3+ 49. Kf1 1/2-1/2

[Event "Erfurt op (Women)"]
[Site "Erfurt"]
[Date "2017.07.31"]
[Round "2"]
[White "Nizamova, Rita"]
[Black "Leib, Britta"]
[Result "0-1"]
[WhiteElo "1328"]
[BlackElo "1838"]
[PlyCount "62"]
[EventDate "2017.07.31"]
[EventType "swiss"]
[EventRounds "9"]
[EventCountry "GER"]
[SourceTitle "CBM 179 Extra"]
[Source "ChessBase"]
[SourceDate "2017.08.23"]
[SourceVersion "1"]
[SourceVersionDate "2017.08.23"]
[SourceQuality "1"]

1. e4 e6 2. Nc3 d5 3. d3 Nf6 4. f4 c5 5. Nf3 Nc6 6. g3 Be7 7. Bg2 0-0 8. 0-0 Rb8 9. a4 a6 10. Bd2 b5 11. axb5 axb5 12. h3 b4 13. Na4 dxe4 14. Ne5 Bb7 15. Nxc6 Bxc6 16. Re1 Qd7 17. b3 Rfd8 18. Be3 exd3 19. Bxc5 Bxc5+ 20. Nxc5 Qd4+ 21. Kh2 Qxc5 22. cxd3 Bxg2 23. Kxg2 Qd5+ 24. Kh2 Qxd3 25. Qxd3 Rxd3 26. Reb1 h5 27. Ra2 Rc8 28. Ra4 Nd5 29. Rb2 Rcc3 30. Ra8+ Kh7 31. Ra7 Kg6 0-1